01351nac a22003377a 4500001001000000003000900010005001700019008003400036040005400070072000800124090001900132100001600151100001900167100001700186100001800203110007200221245014800293246014000441260003700581300000900618490008200627650002000709650001000729650001000739650001600749650001900765909004700784942001700831999001900848952014600867BR8100784BR-BrBNA20240105114913.0230509b bl.|||m| |||| 00| 0 por d aBR-BrBNAbporcBiblioteca Nacional de Agricultura aL30 a5300 BR81007841 aGomes, P.C.1 aFerreira, A.S.1 aFialho, E.T.1 aBarbosa, H.P.1 aCentro Nacional de Pesquisa de Suinos, Concordia, SC (Brasil)918081 aViabilidade economica do adlay na alimentacao de suinos em crescimento e terminacao [Coix lachrymajobi; Sus domesticus; Santa Catarina; Brasil]1 a[Economic viability of adlay in the feeding of growing and finishing swine [Coix lachrymajobi; Sus domesticus; Santa Catarina; Brazil]]3 aConcordia, SC (Brasil): c1980.  a3 p. aComunicado Tecnico - Centro Nacional de Pesquisa de Suinos (Brazil)vno. 11x aNutricao animal aSuino aAdlay aCrescimento aSanta Catarina a202312bLúcia Elandec55dLúcia Elande 2AGRISn0cMS c271953d271953 002AGRIS40708Acervo Gerala41918b41918cAGROBASEl0o5300 BR8100784p5300 BR8100784r2023-12-18yMSePortaria Interministerial nº 164/94